00425nam a2200145Ia 4500008004100000040001900041041001200060082003000072245004800102260002800150300002200178650003500200651002300235850002100258131103s9999 xx 000 0 und d aLoreto College aEnglish a824.66/GOLbLCLIB(Press)/ 4aThe miscellaneous works of Oliver Goldsmith aLondonbMacmillanc1923 alx,693p. c 18cm. aGoldsmith, Oliver - Collection aEnglish literature aLCLIB/824.66/GOL